000 00496nam a2200181Ia 4500
008 131103s9999 xx 000 0 und d
040 _aLoreto College
041 _aEnglish
082 _a440/LOI
_bLCLIB/14599
100 _aLoisy, Jeanne
245 _aPIM
_b et les cavernes de coscorron
_cJeanne Loisy
260 _aLondon
_bOxford University Press
_c1967
300 _a63p.
_c 18cm.
504 _aIncludes vocabulary
650 _aFrench language
850 _aLCLIB440/LOI
942 _cBK
999 _c24415
_d74894